| 000 | 00615nas a22001937a 4500 | ||
|---|---|---|---|
| 999 |
_c6544 _d6544 |
||
| 003 | OSt | ||
| 005 | 20181023130108.0 | ||
| 008 | 130628b xxu||||| |||| 00| 0 eng d | ||
| 040 |
_cCDMR _bcat |
||
| 245 | 0 | 0 |
_aXarxa.com _b: la revista de la comunicació local |
| 260 |
_aBarcelona _bXarxa Audiovisual Local |
||
| 260 |
_bConsorci de Comunicació Local _c2007-2011 |
||
| 310 | _aIrregular | ||
| 362 | _aNúm. 00 (2007) - núm. 13 (2010) | ||
| 650 | 0 | 4 |
_93757 _aTelevisió local _zCatalunya _vRevistes |
| 650 | 0 | 4 |
_93756 _aRàdio local _zCatalunya _vRevistes |
| 650 | 0 | 4 |
_94580 _aButlletins d'informació |
| 856 |
_uhttp://blogstv.laxarxa.com/xarxacom/hemeroteca/ _yDisponible al Portal Web |
||
| 942 |
_2udc _cSER |
||